000 00638nam a22002177a 4500
999 _c3304
_d3304
003 OSt
005 20231114094945.0
008 231114b ||||| |||| 00| 0 eng d
020 _a9789670972022
040 _cKH8
082 _a400 SAY
100 _aSayyidah Nur Fatihah,
_eauthor.
245 _aKenal Tanah Air Sendiri /
_cSayyidah Nur Fatihah.
260 _aShah Alam ;
_bPenerbit Enam ,
_c2016.
300 _a24 pages :
_bcolor illustrations ;
_c19 cm x 26 cm.
440 _aSiri Wacana Pekerti Mulia
650 _aCustoms
_vetiquette
650 _aDidactic fiction
_vMalay
830 _aSiri Wacana Pekerti Mulia
942 _2ddc
_cTR